000 00726nam a22002057a 4500
999 _c20536
_d20536
003 AR-CdUCM
008 190531b ||||| |||| 00| 0 spa d
040 _aMUNICIPALIDAD PROVINCIAL DEL CUSCO
_cBIBLIOTECA MUNICIPAL DEL CUSCO
082 _a463 /
_bC28
_22ed.
100 _aCaseres, Julio
_942934
245 _aDiccionario ideológico de la lengua española :
_bDesde la idea a la palabra; desde la palabra a la idea /
260 _aBarcelona :
_bGustavo Gili,
_c1959.
300 _a887 paginas ;
_c25 cm.
505 _aContenido : Plan -- Parte Sinóptica -- Parte analógica...
650 _aIDEOLOGÍA
_942935
650 _aESPAÑOL
_97869
650 _aDICCIONARIO
_95196
942 _2ddc
_cLIBROS
945 _aJavier